000 00584nam a2200229Ia 4500
003 OSt
005 20220918180427.0
006 a|||||r|||| 00| 0
007 ta
008 220917b |||||||| |||| 00| 0 eng d
024 _a22,300
037 _cTextual
040 _aARTS
_cARTS
_beng
041 _2eng
_aeng
082 _aO:3Nj064:9, L0
100 _aWebb Eugene
_953028
245 0 _aSamuel Beckett
_b a study of his novels
260 _c1970
650 _aENGLISH LITERATURE
942 _hO:3Nj064:9, L0
_cTEXL
_2CC
999 _c161539
_d161539